Nature of physical existence (Record no. 15712)
[ view plain ]
| 000 -LEADER | |
|---|---|
| fixed length control field | 00297nam a2200109 4500 |
| 082 ## - DEWEY DECIMAL CLASSIFICATION NUMBER | |
| Classification number | 113 |
| Item number | LEC |
| 100 ## - MAIN ENTRY--PERSONAL NAME | |
| Personal name | Leclerc, Ivor |
| 245 ## - TITLE STATEMENT | |
| Title | Nature of physical existence |
| Statement of responsibility, etc. | Ivor Leclerc |
| 260 ## - PUBLICATION, DISTRIBUTION, ETC. | |
| Place of publication, distribution, etc. | London |
| Name of publisher, distributor, etc. | George Allen & Unwin |
| Date of publication, distribution, etc. | 1972 |
| 300 ## - PHYSICAL DESCRIPTION | |
| Extent | 381p.; 22cm.- |
| 490 ## - SERIES STATEMENT | |
| Series statement | Muirhead library of philosophy |
| Withdrawn status | Lost status | Damaged status | Not for loan | Collection code | Home library | Current library | Date acquired | Total Checkouts | Full call number | Barcode | Date last seen | Price effective from | Koha item type |
|---|---|---|---|---|---|---|---|---|---|---|---|---|---|
| RELIGION & PHILOSOPHY | North Eastern Hill University | North Eastern Hill University | 24/11/2011 | 113 LEC | 12226 | 24/11/2011 | 24/11/2011 | Books |
